[Event "SLO-chT2 West"]
[Site "Komenda"]
[Date "2018.11.24"]
[Round "5.6"]
[White "Brgan, Niko"]
[Black "Cimperman, Teo"]
[Result "1-0"]
[WhiteElo "2079"]
[BlackElo "1293"]
[PlyCount "49"]
[EventDate "2018.11.10"]
[EventType "team-tourn"]
[EventRounds "7"]
[EventCountry "SLO"]
[SourceTitle "EXT 2020"]
[Source "ChessBase"]
[SourceDate "2019.10.17"]
[SourceVersion "1"]
[SourceVersionDate "2019.10.17"]
[SourceQuality "1"]
[WhiteTeam "Stari Trg ob Kolpi"]
[BlackTeam "Komenda SK II"]
[WhiteTeamCountry "SLO"]
[BlackTeamCountry "SLO"]

1. e4 c5 2. Bc4 Nc6 3. Nc3 e6 4. d3 Nf6 5. Bg5 Be7 6. Nge2 h6 7. Bh4 a6 8. a3 b5 9. Ba2 0-0 10. 0-0 Bb7 11. f4 Ng4 12. Bxe7 Qxe7 13. Qd2 d6 14. h3 Nf6 15. Rf3 Rad8 16. Raf1 e5 17. fxe5 Nxe5 18. Rxf6 gxf6 19. Qxh6 b4 20. Nf4 Ng4 21. hxg4 Qe5 22. Ng6 f5 23. Rxf5 bxc3 24. Rxe5 dxe5 25. Ne7# 1-0

[Event "SLO-chT2 West"]
[Site "Komenda"]
[Date "2018.11.10"]
[Round "2.6"]
[White "Konvalinka, Kostja"]
[Black "Brgan, Niko"]
[Result "0-1"]
[WhiteElo "1723"]
[BlackElo "2079"]
[PlyCount "74"]
[EventDate "2018.11.10"]
[EventType "team-tourn"]
[EventRounds "7"]
[EventCountry "SLO"]
[SourceTitle "EXT 2020"]
[Source "ChessBase"]
[SourceDate "2019.10.17"]
[SourceVersion "1"]
[SourceVersionDate "2019.10.17"]
[SourceQuality "1"]
[WhiteTeam "Trzin"]
[BlackTeam "Stari Trg ob Kolpi"]
[WhiteTeamCountry "SLO"]
[BlackTeamCountry "SLO"]

1. e4 e5 2. Nf3 Nc6 3. Bc4 Bc5 4. c3 Nf6 5. d4 exd4 6. cxd4 Bb4+ 7. Nc3 Nxe4 8. 0-0 Bxc3 9. d5 Ne7 10. bxc3 0-0 11. Re1 Nd6 12. Bd3 Ng6 13. Ba3 Qf6 14. c4 b6 15. Qc2 Ba6 16. Bb2 Qf4 17. Bc1 Qg4 18. h3 Qh5 19. Kh2 f5 20. Ba3 Nf4 21. Bxd6 cxd6 22. Re3 Rac8 23. Qa4 Nxd3 24. Qxa6 Nxf2 25. Kg1 f4 26. Re7 Nxh3+ 27. Kf1 Ng5 28. Nxg5 Qxg5 29. Rae1 f3 30. gxf3 Rxf3+ 31. Ke2 Qxe7+ 32. Kd2 Qg5+ 33. Kd1 Rd3+ 34. Kc2 Qd2+ 35. Kb1 Qxe1+ 36. Kc2 Qc3+ 37. Kb1 Rd1# 0-1